Gestión de empresa: con una visión estratégica

Saved in:
Bibliographic Details
Main Author: Hax, Arnoldo C (Author)
Other Authors: Majluf Sapag, Nicolás Sergio (autor)
Format: Book
Language:Spanish
Published: Santiago Dolmen 1993
Edition:1a. ed
Series:Colección economía y gestión
Subjects:
Tags: Add Tag
No Tags, Be the first to tag this record!

MARC

LEADER 00000cam a2200000 a 4500
001 UCV6910
003 CL-VaPUC
008 930510e19930000CL |||||||||||||||||spa|d
020 |a 9562011623 
082 0 4 |a 658.401  |b HAX  |2 21 
100 |a Hax, Arnoldo C  |e author  |9 578134 
700 |a Majluf Sapag, Nicolás Sergio  |e autor  |9 525229 
245 1 0 |a Gestión de empresa: con una visión estratégica 
250 |a 1a. ed 
300 |a 450 p 
942 |c BK 
945 |d 19930510 00:00:00  |a mfernand 
260 |a Santiago  |b Dolmen  |c 1993 
650 0 |a Administración de empresas   |9 260833 
650 0 |a Planificación estratégica   |9 259735 
583 |a last modification  |c 20140819 12:38:23  |k Rodrigo Vera 
490 0 |a Colección economía y gestión 
999 |c 212723  |d 212721 
952 |0 0  |1 0  |4 0  |6 658_401000000000000_HAX_1993  |7 0  |8 A  |9 194192  |a BIBING  |b BIBING  |d 2019-11-14  |i 2623560  |o 658.401 HAX 1993  |p 2623560  |r 2025-01-20  |w 2019-11-14  |y BK  |k EII 
952 |0 0  |1 0  |4 0  |6 658_401000000000000_HAX_1993  |7 0  |8 R  |9 194193  |a BIBGIM  |b BIBGIM  |d 2019-11-14  |i 2623579  |o 658.401 HAX 1993  |p 2623579  |r 2025-01-15  |w 2019-11-14  |y BK_R  |k COM 
952 |0 0  |1 0  |4 0  |6 658_401000000000000_HAX_1993  |7 0  |8 R  |9 194194  |a BIBGIM  |b BIBGIM  |d 2019-11-14  |i 2623587  |o 658.401 HAX 1993  |p 2623587  |r 2025-01-15  |w 2019-11-14  |y BK_R  |k COM 
952 |0 0  |1 0  |4 0  |6 658_401000000000000_HAX_1993  |7 0  |8 R  |9 194195  |a BIBENE  |b BIBENE  |d 2019-11-14  |i 2623595  |l 5  |m 2  |o 658.401 HAX 1993  |p 2623595  |r 2025-01-15  |s 2024-10-14  |w 2019-11-14  |y BK_R  |k ICO 
952 |0 0  |1 0  |4 0  |6 658_401000000000000_HAX_1993  |7 0  |8 A  |9 194196  |a BIBING  |b BIBING  |d 2019-11-14  |i 2623609  |l 4  |m 4  |o 658.401 HAX 1993  |p 2623609  |r 2025-01-20  |s 2022-09-21  |w 2019-11-14  |y BK  |k EII 
952 |0 0  |1 0  |4 0  |6 658_401000000000000_HAX_1993  |7 0  |8 A  |9 194198  |a BIBING  |b BIBING  |d 2019-11-14  |i 2623625  |o 658.401 HAX 1993  |p 2623625  |r 2025-01-20  |w 2019-11-14  |y BK  |k EII 
952 |0 0  |1 0  |4 0  |6 658_401000000000000_HAX_1993  |7 0  |8 A  |9 194199  |a BIBING  |b BIBING  |d 2019-11-14  |i 2623633  |o 658.401 HAX 1993  |p 2623633  |r 2025-01-20  |w 2019-11-14  |y BK  |k EII 
952 |0 0  |1 0  |4 0  |6 658_401000000000000_HAX_1993  |7 0  |8 A  |9 194201  |a BIBING  |b BIBING  |d 2019-11-14  |i 2973995  |o 658.401 HAX 1993  |p 2973995  |r 2023-03-02  |w 2019-11-14  |y BK  |k EII 
952 |0 0  |1 0  |4 0  |6 658_401000000000000_HAX_1993  |7 0  |8 A  |9 194202  |a BIBING  |b BIBING  |d 2019-11-14  |i 4837029  |l 1  |o 658.401 HAX 1993  |p 4837029  |r 2025-01-20  |s 2022-03-30  |w 2019-11-14  |y BK  |k EII